Statistics for NBA: Triple-Doubles (2022-2023 Season)

Click here to take the quiz!

General Stats

  • This quiz has been taken 105 times
  • The average score is 20 of 38

Answer Stats

HintAnswer% Correct
29Nikola Jokic
100%
2LeBron James
93%
7Giannis Antetokounmpo
91%
4Russell Westbrook
91%
10Luka Doncic
88%
1Joel Embiid
86%
1Stephen Curry
86%
1Kevin Durant
80%
5James Harden
78%
14Domantas Sabonis
75%
1Jayson Tatum
70%
2Damian Lillard
67%
1Paul George
67%
1Bruce Brown
64%
1Dejounte Murray
64%
1Jamal Murray
64%
7Ja Morant
63%
3LaMelo Ball
63%
2Pascal Siakam
57%
2Brandon Ingram
51%
4Josh Giddey
49%
1Ben Simmons
42%
1Fred VanVleet
41%
1Nikola Vucevic
40%
1Kevin Porter Jr.
34%
1Tyler Herro
32%
1Scottie Barnes
30%
1Kyle Kuzma
28%
2Alperen Sengun
27%
1Kyle Lowry
24%
2Tre Jones
24%
1Tyus Jones
24%
3Kyle Anderson
16%
1Payton Pritchard
15%
1Tre Mann
13%
1Theo Pinson
8%
1Royce O'Neale
6%
1TJ McConnell
3%

Score Distribution

Percentile by Number Answered

Percent of People with Each Score

Your Score History

You have not taken this quiz